[Event "Spain ch tt"]
[Site "?"]
[Date "2001.??.??"]
[Round "1"]
[White "Marin, Mihai"]
[Black "Cacho, Sergio"]
[Result "1-0"]
[WhiteElo "2561"]
[BlackElo "2463"]
[PlyCount "69"]
[EventDate "2001.??.??"]

1. c4 g6 2. e4 Bg7 3. d4 d6 4. Nc3 Nd7 5. Nf3 e5 6. Be2 Ngf6 7. O-O O-O 8. Be3
h6 9. d5 Ng4 10. Bd2 f5 11. g3 Ngf6 12. Nh4 Nxe4 13. Nxe4 fxe4 14. Nxg6 Rf7 15.
Bg4 Nf6 16. Be6 Qe8 17. Bxc8 Rxc8 18. f4 exf4 19. Nxf4 e3 20. Re1 Qe4 21. Rxe3
Qxc4 22. Bc3 Re8 23. Rxe8+ Nxe8 24. Qg4 Re7 25. Rf1 c6 26. Qf5 Qe4 27. Ng6 Bd4+
28. Bxd4 Qxd4+ 29. Kg2 Qe4+ 30. Rf3 Qe2+ 31. Kh3 Rg7 32. Rf4 Nc7 33. Re4 Qd1
34. Rg4 Rf7 35. Qc8+ 1-0

[Event "Spain ch tt"]
[Site "?"]
[Date "2001.??.??"]
[Round "1"]
[White "Bernal, Luis M"]
[Black "Narciso, Marc"]
[Result "1/2-1/2"]
[WhiteElo "2407"]
[BlackElo "2517"]
[PlyCount "102"]
[EventDate "2001.??.??"]

1. d4 d5 2. c4 e6 3. Nc3 c5 4. cxd5 exd5 5. Nf3 Nc6 6. g3 Nf6 7. Bg2 Be7 8. O-O
O-O 9. dxc5 Bxc5 10. Bg5 d4 11. Bxf6 Qxf6 12. Nd5 Qd8 13. Nd2 a6 14. Rc1 Ba7
15. Nf4 Ne5 16. Ne4 Rb8 17. Nc5 Re8 18. Qd2 Nd7 19. b4 Nxc5 20. bxc5 Re5 21.
Rc4 Qe7 22. Rxd4 Bf5 23. e4 Bxc5 24. exf5 Bxd4 25. Qxd4 Rxf5 26. Nd5 Qe6 27.
Qa7 Rd8 28. Qxb7 Rfxd5 29. Bxd5 Qxd5 30. Qxa6 h5 31. Rc1 h4 32. Qc4 Qd2 33.
gxh4 Rd5 34. Qc8+ Kh7 35. Qc2+ Qxc2 36. Rxc2 Rd4 37. h5 Kh6 38. Rc3 Kxh5 39.
Rg3 g5 40. Kg2 f5 41. h3 Ra4 42. a3 f4 43. Rb3 Kh4 44. Rb8 Kh5 45. Rb3 Kh4 46.
Kf1 Rc4 47. Rd3 Rc2 48. Kg2 Ra2 49. Rd8 f3+ 50. Kxf3 Rxa3+ 51. Kg2 Kh5 1/2-1/2

[Event "Spain ch tt"]
[Site "?"]
[Date "2001.??.??"]
[Round "1"]
[White "Jerez, Alfonso"]
[Black "Perez Lopez, Jesus M"]
[Result "1-0"]
[WhiteElo "2356"]
[BlackElo "2178"]
[PlyCount "96"]
[EventDate "2001.??.??"]

1. d4 Nf6 2. c4 g6 3. f3 d5 4. cxd5 Nxd5 5. e4 Nb6 6. Nc3 Bg7 7. Be3 O-O 8. Qd2
Nc6 9. O-O-O f5 10. h4 fxe4 11. h5 e5 12. d5 Nd4 13. hxg6 hxg6 14. Bh6 e3 15.
Bxe3 Nxd5 16. Bh6 Nf4 17. Bxg7 Kxg7 18. g3 Nh5 19. Qe3 Qf6 20. Bd3 Bf5 21. g4
Bxd3 22. gxh5 Bf5 23. f4 Rad8 24. fxe5 Qb6 25. Qg5 Ne6 26. Qe7+ Kg8 27. Nf3
Qe3+ 28. Nd2 Rf7 29. Qh4 g5 30. Qe1 Qxe1 31. Rdxe1 Nf4 32. e6 Nd3+ 33. Kd1 Bg4+
34. Kc2 Nxe1+ 35. Rxe1 Rf2 36. Nce4 Bf5 37. Kc1 Bxe4 38. Nxe4 Rf5 39. Rg1 Kg7
40. Nxg5 Kf6 41. Nf7 Rd4 42. Rg6+ Ke7 43. a3 Rf6 44. Rg7 Kxe6 45. Ng5+ Kf5 46.
Nh7 Rc6+ 47. Kb1 Rd2 48. Rg5+ Kf4 1-0

[Event "Spain ch tt"]
[Site "?"]
[Date "2001.??.??"]
[Round "1"]
[White "Rodriguez Vargas, Orestes"]
[Black "Arizmendi, Julen"]
[Result "1/2-1/2"]
[WhiteElo "2463"]
[BlackElo "2503"]
[PlyCount "68"]
[EventDate "2001.??.??"]

1. d4 Nf6 2. c4 g6 3. Nc3 Bg7 4. e4 d6 5. f4 O-O 6. Nf3 Na6 7. Bd3 e5 8. fxe5
dxe5 9. d5 c6 10. O-O cxd5 11. cxd5 Nc5 12. Bc2 b6 13. b4 Nb7 14. Bg5 Qd6 15.
a3 Bd7 16. Ba4 b5 17. Bc2 Rfc8 18. Na2 Ng4 19. Qe2 f6 20. Bc1 Bh6 21. Bxh6 Nxh6
22. Bd3 Qb6+ 23. Kh1 a5 24. h3 Nf7 25. Rac1 Rxc1 26. Rxc1 axb4 27. axb4 Nfd6
28. Kh2 Rc8 29. Nc3 Kg7 30. Rc2 Be8 31. Qe1 Bd7 32. Qc1 Rc7 33. Qe1 Rc8 34. Qc1
Rc7 1/2-1/2

[Event "Spain ch tt"]
[Site "?"]
[Date "2001.??.??"]
[Round "1"]
[White "Martin Gonzalez, Angel"]
[Black "Sanchez Guirado, Francisco"]
[Result "1-0"]
[WhiteElo "2425"]
[BlackElo "2399"]
[PlyCount "101"]
[EventDate "2001.??.??"]

1. e4 c5 2. Nf3 Nc6 3. d4 cxd4 4. Nxd4 g6 5. Be3 Nf6 6. Nc3 Bg7 7. Bc4 Qa5 8.
O-O O-O 9. Bb3 d6 10. Nd5 Qd8 11. Nxf6+ Bxf6 12. f4 Bd7 13. c3 Na5 14. f5 Nxb3
15. axb3 e5 16. Nc2 Bc6 17. Qd3 d5 18. Nb4 dxe4 19. Qc4 gxf5 20. Nxc6 bxc6 21.
Rxf5 Bg7 22. Bc5 Re8 23. Rxf7 Qd5 24. Raxa7 Rxa7 25. Rxa7 Bh6 26. Rd7 Qxc4 27.
bxc4 Ra8 28. Kf2 Ra2 29. Rb7 Bc1 30. Ba3 Bd2 31. Rb3 Ra1 32. Bc5 Re1 33. Rb8+
Kg7 34. Re8 e3+ 35. Kg3 Rf1 36. Rxe5 Re1 37. Bd4 Kg6 38. Kf3 Rf1+ 39. Ke2 Rf2+
40. Kd3 Rxg2 41. b4 Rxh2 42. b5 cxb5 43. cxb5 Bc1 44. Bxe3 Bxe3 45. Rxe3 Rb2
46. c4 h5 47. Kd4 h4 48. Kc5 Kg5 49. b6 Kg4 50. Kc6 h3 51. b7 1-0

[Event "Spain ch tt"]
[Site "?"]
[Date "2001.??.??"]
[Round "1"]
[White "Adams, Michael"]
[Black "Vega Holm, Fernando"]
[Result "1-0"]
[WhiteElo "2731"]
[BlackElo "2404"]
[PlyCount "54"]
[EventDate "2001.??.??"]

1. e4 e6 2. d4 d5 3. Nd2 c5 4. exd5 Qxd5 5. dxc5 Bxc5 6. Ngf3 Nf6 7. Bc4 Qd8 8.
Qe2 Nc6 9. Ne4 Nd4 10. Nxd4 Nxe4 11. Bb5+ Kf8 12. Qxe4 Qxd4 13. Qe2 a6 14. Bd3
Bd7 15. O-O Bc6 16. Rd1 Qd5 17. Qf1 Bd6 18. Re1 h5 19. Bd2 h4 20. h3 Rd8 21.
Rad1 Rh5 22. Bc3 Qg5 23. Be2 Bc7 24. Rxd8+ Bxd8 25. Bxh5 Qxh5 26. Qe2 Qc5 27.
Qg4 g5 1-0

[Event "Spain ch tt"]
[Site "?"]
[Date "2001.??.??"]
[Round "1"]
[White "Teran, Ismael"]
[Black "Campora, Daniel"]
[Result "0-1"]
[WhiteElo "2396"]
[BlackElo "2536"]
[PlyCount "94"]
[EventDate "2001.??.??"]

1. e4 e5 2. Nf3 Nc6 3. Bb5 a6 4. Ba4 Nf6 5. O-O Be7 6. Re1 b5 7. Bb3 O-O 8. c3
d6 9. h3 Nb8 10. d4 Nbd7 11. Nbd2 Bb7 12. Bc2 Re8 13. Nf1 Bf8 14. Ng3 g6 15. a4
c5 16. d5 c4 17. Bg5 h5 18. Qd2 Bg7 19. Ra3 Nc5 20. Rea1 Qc7 21. Bh6 Bxh6 22.
Qxh6 Nh7 23. Nf1 Qe7 24. g4 Qf6 25. Kg2 hxg4 26. hxg4 Rab8 27. axb5 axb5 28.
Ne3 Ra8 29. g5 Qg7 30. Qh4 Rxa3 31. Rxa3 Bc8 32. Ra7 Bd7 33. Ng4 Bxg4 34. Qxg4
Qf8 35. Qh4 Ra8 36. Rxa8 Qxa8 37. Nh2 Qd8 38. Nf3 Qe7 39. Kg3 Qa7 40. Qh1 Qa2
41. Qc1 Kg7 42. Kg2 Qa7 43. Qh1 Kg8 44. Kg3 f6 45. Qh6 Qf7 46. Nh4 fxg5 47.
Nxg6 Nd3 0-1

[Event "Spain ch tt"]
[Site "?"]
[Date "2001.??.??"]
[Round "1"]
[White "Rivas, Manuel"]
[Black "Barrero, Carlos"]
[Result "1-0"]
[WhiteElo "2424"]
[BlackElo "2307"]
[PlyCount "69"]
[EventDate "2001.??.??"]

1. e4 e6 2. d4 d5 3. Nc3 Bb4 4. exd5 exd5 5. Qf3 Nc6 6. Bb5 Nge7 7. Nge2 Bf5 8.
Ba4 Qd7 9. Bd2 O-O-O 10. O-O-O f6 11. h3 h5 12. Nf4 g5 13. Nd3 Bxd3 14. Qxd3
Kb8 15. Rhe1 Qf5 16. Qxf5 Nxf5 17. Bxc6 bxc6 18. Ne2 Bd6 19. g3 c5 20. Bc3 c4
21. b3 cxb3 22. cxb3 Rde8 23. Kc2 g4 24. Nc1 Re4 25. Rh1 h4 26. hxg4 Rxg4 27.
gxh4 Rhxh4 28. Rxh4 Rxh4 29. b4 Rf4 30. Rd2 Bf8 31. Nb3 Nd6 32. Nc5 Bh6 33. Re2
Ne4 34. Bd2 Nxd2 35. Re8# 1-0

[Event "Spain ch tt"]
[Site "?"]
[Date "2001.??.??"]
[Round "1"]
[White "Cifuentes, Roberto"]
[Black "Suba, Mihai"]
[Result "1/2-1/2"]
[WhiteElo "2522"]
[BlackElo "2535"]
[PlyCount "32"]
[EventDate "2001.??.??"]

1. Nf3 c5 2. c4 Nf6 3. Nc3 e6 4. e4 Nc6 5. Be2 a6 6. O-O Qc7 7. d4 cxd4 8. Nxd4
Nxd4 9. Qxd4 Bd6 10. h3 O-O 11. Be3 Bh2+ 12. Kh1 Be5 13. Qd3 Bxc3 14. bxc3 b5
15. c5 Bb7 16. Bf3 Qe5 1/2-1/2

[Event "Spain ch tt"]
[Site "?"]
[Date "2001.??.??"]
[Round "1"]
[White "Garcia Ilundain, David"]
[Black "Pomes, Juan"]
[Result "0-1"]
[WhiteElo "2467"]
[BlackElo "2399"]
[PlyCount "78"]
[EventDate "2001.??.??"]

1. d4 d5 2. Nf3 Nf6 3. c4 c6 4. Qc2 dxc4 5. Qxc4 Bf5 6. g3 e6 7. Bg2 Be7 8. O-O
O-O 9. e3 Nbd7 10. Qe2 Ne4 11. Nc3 Nxc3 12. bxc3 Be4 13. c4 c5 14. Nd2 Bxg2 15.
Kxg2 Bf6 16. Bb2 cxd4 17. exd4 Nb6 18. Rfd1 Na4 19. Ne4 Nxb2 20. Qxb2 b6 21.
Rac1 Rc8 22. Qd2 Rc7 23. d5 exd5 24. cxd5 Rxc1 25. Qxc1 Be5 26. Qc6 Qc8 27. f4
Bb8 28. Qa4 Rd8 29. d6 Qb7 30. f5 b5 31. Qd4 Rxd6 32. Qe5 Qc6 33. Rxd6 Bxd6 34.
Qxd6 Qxe4+ 35. Kg1 h6 36. Qb8+ Kh7 37. Qxa7 Qxf5 38. Qd4 Qb1+ 39. Kg2 Qxa2+ 0-1

[Event "Spain ch tt"]
[Site "?"]
[Date "2001.??.??"]
[Round "1"]
[White "Pablo, Alexandre"]
[Black "Del Rio, Gabriel"]
[Result "1/2-1/2"]
[WhiteElo "2403"]
[BlackElo "2489"]
[PlyCount "48"]
[EventDate "2001.??.??"]

1. e4 c5 2. Nf3 d6 3. Bc4 Nf6 4. d3 e6 5. O-O Be7 6. e5 dxe5 7. Nxe5 Nbd7 8.
Bf4 Nxe5 9. Bxe5 O-O 10. Qf3 Nd7 11. Bc3 Rb8 12. Qg3 Bf6 13. Bxf6 Qxf6 14. Nc3
b6 15. Rae1 Bb7 16. Re3 Qg6 17. Qxg6 hxg6 18. Ne4 Nf6 19. Ng5 Rfd8 20. Rfe1 Bd5
21. Bxd5 Rxd5 22. h4 Rd7 23. g3 Nd5 24. R3e2 Nb4 1/2-1/2

[Event "Spain ch tt"]
[Site "?"]
[Date "2001.??.??"]
[Round "2"]
[White "Pomes, Joan"]
[Black "Adams, Michael"]
[Result "0-1"]
[WhiteElo "2239"]
[BlackElo "2731"]
[PlyCount "106"]
[EventDate "2001.??.??"]

1. d4 Nf6 2. c4 e6 3. Nc3 Bb4 4. e3 O-O 5. Nge2 d5 6. a3 Be7 7. Ng3 dxc4 8. Qc2
Nbd7 9. Bxc4 c5 10. dxc5 Nxc5 11. O-O a6 12. b4 Ncd7 13. Bb2 b5 14. Be2 Bb7 15.
Rfd1 Rc8 16. Qb3 Qb6 17. Rd2 Bc6 18. Rad1 Qb7 19. e4 Nb6 20. f3 Qb8 21. Nb1 g6
22. Bd4 e5 23. Bf2 Bd7 24. Qe3 Rc6 25. Nf1 Rfc8 26. g4 Be6 27. Bg3 Nfd7 28. Kg2
Qc7 29. h4 Na4 30. Qf2 Qb7 31. Ne3 Rc1 32. Nd5 Bd8 33. Qe1 R1c2 34. Ne3 Rxd2
35. Qxd2 Bb6 36. Nd5 Bxd5 37. Qxd5 Qxd5 38. Rxd5 Rc2 39. Rxd7 Rxe2+ 40. Kf1 Rb2
41. Nd2 Bd4 42. Rd8+ Kg7 43. Ke2 Ra2 44. Re8 Nb6 45. Kd1 Rxa3 46. g5 h5 47. Kc2
Rc3+ 48. Kd1 Nc4 49. Nxc4 bxc4 50. Bxe5+ Bxe5 51. Rxe5 Rxf3 52. Rc5 Rf4 53.
Rxc4 Rxh4 0-1

[Event "Spain ch tt"]
[Site "?"]
[Date "2001.??.??"]
[Round "2"]
[White "Campos Moreno, Javier"]
[Black "Narciso, Marc"]
[Result "1-0"]
[WhiteElo "2500"]
[BlackElo "2517"]
[PlyCount "141"]
[EventDate "2001.??.??"]

1. d4 d5 2. c4 e6 3. Nf3 Nf6 4. Nc3 Be7 5. Bg5 h6 6. Bh4 O-O 7. e3 b6 8. Bd3
Bb7 9. O-O Nbd7 10. Qe2 c5 11. Bg3 Ne4 12. cxd5 exd5 13. Rfd1 Ndf6 14. dxc5
Nxc3 15. bxc3 Bxc5 16. a4 Qe7 17. Bh4 g5 18. Bg3 Ne4 19. Bxe4 Qxe4 20. Nd4 Rac8
21. Qh5 Kh7 22. Nf3 f6 23. Nd4 Be7 24. a5 bxa5 25. Rxa5 a6 26. f3 Qg6 27. Qxg6+
Kxg6 28. Rb1 Bd8 29. Ra2 Rf7 30. Rab2 Bc6 31. Rb8 Rxb8 32. Rxb8 Bc7 33. Nxc6
Bxb8 34. Nxb8 a5 35. Nc6 a4 36. Bd6 Rd7 37. Bb4 h5 38. Kf2 Kf7 39. Ke2 Rc7 40.
Nd4 a3 41. Bxa3 Rxc3 42. Bb2 Rc8 43. Kd3 h4 44. g3 hxg3 45. hxg3 Rh8 46. g4 Rh2
47. Bc3 Rf2 48. Be1 Rh2 49. Bg3 Ra2 50. Nc2 Ke6 51. Be1 Ra8 52. Nd4+ Kf7 53.
Ke2 Ra2+ 54. Kf1 Ra1 55. Kf2 Rb1 56. Nf5 Rc1 57. Ba5 Ra1 58. Bc3 Rc1 59. Bd4
Rc2+ 60. Kg3 Rd2 61. Nd6+ Ke7 62. Nb5 Rc2 63. Nc3 Ke6 64. e4 dxe4 65. Nxe4 Rc4
66. Bxf6 Rxe4 67. fxe4 Kxf6 68. Kf2 Ke6 69. Ke2 Kd6 70. Kd3 Kc5 71. Kc3 1-0

[Event "Spain ch tt"]
[Site "?"]
[Date "2001.??.??"]
[Round "2"]
[White "Granados, Manuel"]
[Black "Martin Gonzalez, Angel"]
[Result "1-0"]
[WhiteElo "2428"]
[BlackElo "2425"]
[PlyCount "83"]
[EventDate "2001.??.??"]

1. c4 g6 2. Nc3 Bg7 3. e4 e5 4. Nge2 Nc6 5. d3 d6 6. g3 Nge7 7. Bg2 O-O 8. O-O
f5 9. Be3 Be6 10. Nd5 Qd7 11. Qd2 Rae8 12. Bh6 Bxh6 13. Qxh6 Nd8 14. Qg5 Kg7
15. Qd2 Ng8 16. Qa5 Rf7 17. Qxa7 b6 18. f4 fxe4 19. dxe4 Bh3 20. Qxc7 Qxc7 21.
Nxc7 Rxc7 22. Bxh3 Rxc4 23. Nc3 Nf6 24. Bg2 Nb7 25. Rad1 Rc5 26. Rd3 Rc4 27.
fxe5 dxe5 28. Rdf3 Rc6 29. Nd5 Ree6 30. b4 g5 31. Bh3 g4 32. Rxf6 Rxf6 33. Rxf6
Rxf6 34. Nxf6 gxh3 35. Nd7 Nd6 36. Nxb6 Nxe4 37. a4 Nc3 38. a5 Nb5 39. a6 Na7
40. Nd7 e4 41. Kf2 Kf7 42. Nc5 1-0

[Event "Spain ch tt"]
[Site "?"]
[Date "2001.??.??"]
[Round "2"]
[White "Suba, Mihai"]
[Black "Giorgadze, Giorgi"]
[Result "1-0"]
[WhiteElo "2535"]
[BlackElo "2585"]
[PlyCount "105"]
[EventDate "2001.??.??"]

1. c4 e5 2. g3 Nc6 3. Nc3 g6 4. Bg2 Bg7 5. d3 d6 6. e4 h5 7. h3 h4 8. g4 Nd4 9.
Nge2 Ne6 10. f4 exf4 11. Nxf4 Be5 12. O-O Nxf4 13. Bxf4 c5 14. Bxe5 dxe5 15.
Nd5 Be6 16. b4 Qd6 17. Qa4+ Bd7 18. Qa5 Kf8 19. bxc5 Qc6 20. Rab1 Kg7 21. Qc7
Qxc7 22. Nxc7 Rd8 23. Rxb7 Ne7 24. Nd5 Nc6 25. Rf6 Nd4 26. Rd6 Bc6 27. Rxa7 Ra8
28. Rxa8 Rxa8 29. Nb4 Rc8 30. Kf2 Be8 31. Bf3 Ne6 32. c6 Nd4 33. Rxd4 exd4 34.
e5 f6 35. a4 fxe5 36. a5 Rc7 37. g5 Kf8 38. a6 Bf7 39. c5 Be6 40. Kg2 Ke7 41.
Bg4 Ra7 42. c7 Rxc7 43. a7 Rxa7 44. Nc6+ Kd7 45. Nxa7 Bxg4 46. hxg4 e4 47. dxe4
d3 48. Nb5 d2 49. Nc3 Kc6 50. e5 Kxc5 51. Ne4+ Kd4 52. Nxd2 Kxe5 53. Kh3 1-0

[Event "Spain ch tt"]
[Site "?"]
[Date "2001.??.??"]
[Round "2"]
[White "Del Rio, Gabriel"]
[Black "Reinaldo, Roi"]
[Result "1/2-1/2"]
[WhiteElo "2489"]
[BlackElo "2383"]
[PlyCount "30"]
[EventDate "2001.??.??"]

1. d4 e6 2. c4 c5 3. d5 exd5 4. cxd5 d6 5. e4 g6 6. Bd3 Bg7 7. Ne2 a6 8. a4 Ne7
9. O-O O-O 10. Nd2 Nd7 11. Nc4 Nb6 12. Nxb6 Qxb6 13. Rb1 f5 14. Bg5 fxe4 15.
Bxe4 Nf5 1/2-1/2

[Event "Spain ch tt"]
[Site "?"]
[Date "2001.??.??"]
[Round "2"]
[White "Garcia Castro, Pablo"]
[Black "Romero, Alfonso"]
[Result "0-1"]
[WhiteElo "2324"]
[BlackElo "2461"]
[PlyCount "64"]
[EventDate "2001.??.??"]

1. e4 c5 2. Nc3 a6 3. g3 b5 4. Bg2 Bb7 5. d3 d6 6. f4 g6 7. Nh3 b4 8. Nd5 e6 9.
Ne3 Bg7 10. O-O Ne7 11. f5 exf5 12. exf5 Bxg2 13. Kxg2 Nd7 14. Nf4 O-O 15. Nfd5
Nxd5 16. Nxd5 Nf6 17. Qf3 Nxd5 18. Qxd5 Ra7 19. a3 Re8 20. axb4 Re5 21. Qc6 Rc7
22. Qxa6 Re2+ 23. Rf2 Rxf2+ 24. Kxf2 cxb4 25. Bf4 Bd4+ 26. Kf3 Ra7 27. Qxa7
Bxa7 28. Rxa7 Qb6 29. Be3 Qc6+ 30. Kg4 Qd5 31. Bf4 Qxf5+ 32. Kf3 g5 0-1

[Event "Spain ch tt"]
[Site "?"]
[Date "2001.??.??"]
[Round "2"]
[White "Vega Holm, Fernando"]
[Black "Arizmendi, Julen"]
[Result "0-1"]
[WhiteElo "2404"]
[BlackElo "2503"]
[PlyCount "54"]
[EventDate "2001.??.??"]

1. c4 Nf6 2. g3 c6 3. Nf3 d5 4. b3 Bf5 5. Bg2 e6 6. O-O Be7 7. Bb2 O-O 8. d3 h6
9. Nbd2 a5 10. Ne5 a4 11. bxa4 Qa5 12. e4 dxe4 13. dxe4 Bh7 14. Nb3 Qxa4 15.
Qe2 Nbd7 16. Nxd7 Nxd7 17. f4 Rfe8 18. Kh1 Rad8 19. Bd4 e5 20. fxe5 Bf8 21. Qb2
Qxc4 22. Na5 Qa6 23. Qb3 Qxa5 24. Rxf7 Kh8 25. Raf1 Nxe5 26. Bc3 Qc5 27. Rxb7
Rd3 0-1

[Event "Spain ch tt"]
[Site "?"]
[Date "2001.??.??"]
[Round "2"]
[White "Sanchez Guirado, Francisco"]
[Black "Teran, Ismael"]
[Result "1/2-1/2"]
[WhiteElo "2399"]
[BlackElo "2396"]
[PlyCount "180"]
[EventDate "2001.??.??"]

1. Nf3 f5 2. d4 Nf6 3. g3 g6 4. Bg2 Bg7 5. O-O O-O 6. c4 d6 7. Nc3 Qe8 8. Nd5
Nxd5 9. cxd5 Qb5 10. Ng5 c6 11. e4 fxe4 12. Bxe4 cxd5 13. Bd3 Qd7 14. Nxh7 Kxh7
15. Qh5+ Kg8 16. Bxg6 Qh3 17. Qxd5+ Be6 18. Qxb7 Nd7 19. Be4 Bxd4 20. Bd5 Ne5
21. Bg2 Qh7 22. Bg5 Ng4 23. h4 Bxf2+ 24. Rxf2 Nxf2 25. Qxe7 Qxe7 26. Bxe7 Rae8
27. Bxf8 Rxf8 28. b3 Ng4 29. Rd1 Rd8 30. Rd4 Kf7 31. b4 Rc8 32. Bb7 Rc1+ 33.
Kg2 Rc2+ 34. Kg1 Ke7 35. a4 Rc1+ 36. Kg2 Rc2+ 37. Kg1 Ne5 38. b5 Rc1+ 39. Kf2
Rc2+ 40. Ke1 Ra2 41. h5 Ng4 42. Bd5 Ra1+ 43. Ke2 Bxd5 44. Rxg4 Bb3 45. Rg7+ Bf7
46. g4 Kf8 47. Rh7 Kg8 48. Rh6 Rxa4 49. Rxd6 Bc4+ 50. Ke3 Bxb5 51. Rd4 Ra1 52.
Kf4 a5 53. Kg5 a4 54. Rd8+ Kf7 55. h6 Rh1 56. Ra8 Rh3 57. Ra7+ Ke6 58. Ra5 Be8
59. Kf4 a3 60. h7 Rxh7 61. Rxa3 Rb7 62. Ra6+ Kf7 63. Kg5 Kg7 64. Ra5 Bd7 65.
Re5 Kf7 66. Re4 Rb5+ 67. Kf4 Kf6 68. Rd4 Be6 69. Ra4 Rg5 70. Kf3 Rg8 71. Ra6
Rc8 72. Ra4 Rc1 73. Kg3 Rg1+ 74. Kf2 Rb1 75. Kg3 Ke5 76. Kh4 Bd5 77. Kg3 Rb3+
78. Kf2 Be4 79. Ra7 Kf4 80. Rf7+ Kxg4 81. Ke2 Bf5 82. Kd2 Kf4 83. Rf8 Ke5 84.
Re8+ Kd4 85. Rd8+ Kc4 86. Ke2 Be6 87. Kf2 Bd5 88. Rd6 Kd4 89. Rd8 Rf3+ 90. Ke2
Rf6 1/2-1/2

[Event "Spain ch tt"]
[Site "?"]
[Date "2001.??.??"]
[Round "3"]
[White "Giorgadze, Giorgi"]
[Black "Shirov, Alexei"]
[Result "1/2-1/2"]
[WhiteElo "2585"]
[BlackElo "2706"]
[PlyCount "41"]
[EventDate "2001.??.??"]

1. d4 Nf6 2. c4 g6 3. Nc3 d5 4. Nf3 Bg7 5. Bf4 O-O 6. Rc1 dxc4 7. e3 Be6 8. Ng5
Bd5 9. e4 h6 10. exd5 hxg5 11. Bxg5 Nxd5 12. Bxc4 Nb6 13. Bb3 Nc6 14. d5 Nd4
15. O-O Qd7 16. h4 Rad8 17. a3 Nxb3 18. Qxb3 Nxd5 19. Nxd5 Qxd5 20. Qxd5 Rxd5
21. Rxc7 1/2-1/2

[Event "Spain ch tt"]
[Site "?"]
[Date "2001.??.??"]
[Round "3"]
[White "Reinaldo, Roi"]
[Black "Campora, Daniel"]
[Result "1/2-1/2"]
[WhiteElo "2383"]
[BlackElo "2536"]
[PlyCount "27"]
[EventDate "2001.??.??"]

1. c4 e5 2. g3 Nf6 3. Bg2 c6 4. d4 exd4 5. Qxd4 d5 6. Nc3 Be6 7. cxd5 cxd5 8.
Nf3 Nc6 9. Qa4 Bb4 10. O-O O-O 11. Ne5 Bxc3 12. Nxc6 Qd7 13. bxc3 Rfc8 14. Be3
1/2-1/2

[Event "Spain ch tt"]
[Site "?"]
[Date "2001.??.??"]
[Round "3"]
[White "Rivas, Manuel"]
[Black "Garcia Castro, Pablo"]
[Result "1/2-1/2"]
[WhiteElo "2424"]
[BlackElo "2324"]
[PlyCount "106"]
[EventDate "2001.??.??"]

1. e4 e5 2. Nf3 d6 3. d4 exd4 4. Qxd4 Nf6 5. Nc3 Be7 6. Bf4 O-O 7. O-O-O Nc6 8.
Qd2 Be6 9. Kb1 a6 10. Bd3 Nb4 11. Rhe1 d5 12. exd5 Nfxd5 13. Bc4 Nxf4 14. Qxf4
Bd6 15. Ne5 Nc6 16. Nxc6 Bxf4 17. Nxd8 Raxd8 18. Rxd8 Rxd8 19. Bxe6 fxe6 20. g3
Bd6 21. Ne4 Be7 22. c3 b5 23. Kc2 Kf7 24. Ra1 Rd5 25. a4 Re5 26. Kd3 Rd5+ 27.
Ke2 Re5 28. f3 c5 29. axb5 axb5 30. b3 Rh5 31. h4 b4 32. cxb4 cxb4 33. Ra7 Re5
34. Kd3 Kf8 35. Rb7 h6 36. Ke3 Rd5 37. f4 Rd1 38. Ke2 Rb1 39. Nd2 Rg1 40. Ne4
Rb1 41. Nd2 Rb2 42. Kd3 h5 43. Rc7 Ra2 44. Rc2 Ra1 45. Nf3 Bf6 46. Rc4 Bc3 47.
Rc5 Rb1 48. Kc4 Rf1 49. Ne5 Rg1 50. Rc8+ Ke7 51. Rc7+ Kf8 52. Rc8+ Ke7 53. Rc7+
Kf8 1/2-1/2

[Event "Spain ch tt"]
[Site "?"]
[Date "2001.??.??"]
[Round "3"]
[White "Matamoros, Carlos"]
[Black "Marin, Mihai"]
[Result "1/2-1/2"]
[WhiteElo "2457"]
[BlackElo "2561"]
[PlyCount "29"]
[EventDate "2001.??.??"]

1. c4 f5 2. g3 Nf6 3. Bg2 g6 4. Nc3 Bg7 5. d3 d6 6. e4 e5 7. Nge2 O-O 8. O-O c6
9. exf5 gxf5 10. d4 Na6 11. b3 Ng4 12. h3 Nh6 13. dxe5 dxe5 14. Qxd8 Rxd8 15.
Be3 1/2-1/2

[Event "Spain ch tt"]
[Site "?"]
[Date "2001.??.??"]
[Round "3"]
[White "Teran, Ismael"]
[Black "Granados, Manuel"]
[Result "1/2-1/2"]
[WhiteElo "2396"]
[BlackElo "2428"]
[PlyCount "27"]
[EventDate "2001.??.??"]

1. e4 e5 2. Nf3 Nc6 3. Bb5 Bc5 4. c3 Nf6 5. d4 exd4 6. e5 Ne4 7. O-O d5 8. Nxd4
O-O 9. f3 Ng5 10. Bxc6 bxc6 11. Be3 Bd7 12. Qc1 f6 13. Kh1 Bb6 14. exf6 1/2-1/2

[Event "Spain ch tt"]
[Site "?"]
[Date "2001.??.??"]
[Round "3"]
[White "Jerez, Alfonso"]
[Black "Barrero, Carlos"]
[Result "1/2-1/2"]
[WhiteElo "2356"]
[BlackElo "2307"]
[PlyCount "46"]
[EventDate "2001.??.??"]

1. e4 e6 2. d4 d5 3. Nc3 Bb4 4. Qd3 Ne7 5. Bd2 b6 6. Nge2 Ba6 7. Qf3 Nbc6 8.
O-O-O O-O 9. exd5 Bxe2 10. Nxe2 Qxd5 11. Qxd5 Bxd2+ 12. Rxd2 exd5 13. Nf4 Rad8
14. Bb5 a6 15. Bxc6 Nxc6 16. Re1 Rd6 17. c3 Rfd8 18. Rde2 Kf8 19. Nd3 g6 20. h4
Rf6 21. f4 h5 22. g3 Kg7 23. Ne5 Nxe5 1/2-1/2

[Event "Spain ch tt"]
[Site "?"]
[Date "2001.??.??"]
[Round "3"]
[White "Cifuentes, Roberto"]
[Black "Karpov, Anatoly"]
[Result "1/2-1/2"]
[WhiteElo "2522"]
[BlackElo "2692"]
[PlyCount "49"]
[EventDate "2001.??.??"]

1. Nf3 Nf6 2. c4 e6 3. g3 d5 4. Bg2 dxc4 5. Qa4+ Nbd7 6. Qxc4 c5 7. d3 Be7 8.
O-O O-O 9. Qb3 Qb6 10. Qc2 Nd5 11. Nc3 Rd8 12. Bg5 f6 13. Bd2 Nf8 14. Rfc1 Nb4
15. Qb3 Bd7 16. Be3 Nc6 17. d4 Na5 18. Qxb6 axb6 19. dxc5 bxc5 20. Ne4 b6 21.
b4 cxb4 22. Bxb6 Rdb8 23. Bc7 b3 24. axb3 Nxb3 25. Bxb8 1/2-1/2

[Event "Spain ch tt"]
[Site "?"]
[Date "2001.??.??"]
[Round "3"]
[White "Arizmendi, Julen"]
[Black "Pomes, Joan"]
[Result "1-0"]
[WhiteElo "2503"]
[BlackElo "2399"]
[PlyCount "53"]
[EventDate "2001.??.??"]

1. e4 e6 2. d4 d5 3. Nc3 Bb4 4. exd5 exd5 5. Bd3 Nc6 6. a3 Bxc3+ 7. bxc3 Nf6 8.
Ne2 O-O 9. O-O Na5 10. Re1 Re8 11. Ng3 Bg4 12. f3 Bd7 13. Bf4 Nc4 14. Be5 Be6
15. Qc1 Nxe5 16. dxe5 Nd7 17. f4 Nf8 18. f5 Bd7 19. f6 Ng6 20. Nh5 Nxe5 21. Qg5
Ng6 22. Nxg7 Rxe1+ 23. Rxe1 Qf8 24. Re7 Rd8 25. h4 c5 26. h5 c4 27. Bxg6 1-0

[Event "Spain ch tt"]
[Site "?"]
[Date "2001.??.??"]
[Round "3"]
[White "Pablo, Alexandre"]
[Black "Sanchez Guirado, Francisco"]
[Result "1/2-1/2"]
[WhiteElo "2403"]
[BlackElo "2399"]
[PlyCount "58"]
[EventDate "2001.??.??"]

1. e4 c5 2. Nf3 g6 3. d4 cxd4 4. Nxd4 Nc6 5. Nb3 Nf6 6. Nc3 Bg7 7. Be2 O-O 8.
O-O d6 9. Bg5 a6 10. f4 b5 11. Bf3 Bb7 12. Kh1 Nd7 13. Qe1 b4 14. Nd5 a5 15. e5
dxe5 16. Nxe7+ Nxe7 17. Bxb7 Rb8 18. Bd5 a4 19. Nd4 Bf6 20. Nc6 Nxc6 21. Bxc6
exf4 22. Bxf6 Nxf6 23. Bxa4 Qd4 24. Rd1 Qxb2 25. Rxf4 Nh5 26. Rf3 Qxa2 27. Bb3
Qa7 28. Qe5 Rb7 29. Qd6 Qa5 1/2-1/2

[Event "Spain ch tt"]
[Site "?"]
[Date "2001.??.??"]
[Round "3"]
[White "Torres Sanchez, Jose"]
[Black "Gonzalez Velez, Fermin"]
[Result "0-1"]
[WhiteElo "2236"]
[BlackElo "2379"]
[PlyCount "112"]
[EventDate "2001.??.??"]

1. d4 c5 2. d5 e5 3. e4 d6 4. Nc3 Be7 5. f4 exf4 6. Bxf4 a6 7. Nf3 Bg4 8. Be2
Bxf3 9. Bxf3 Bf6 10. O-O Ne7 11. e5 dxe5 12. Be3 Nf5 13. Bxc5 Nd7 14. Bf2 Nd6
15. Ne4 Be7 16. c4 O-O 17. g4 Nxc4 18. d6 Bg5 19. Qd3 Na5 20. Nxg5 Qxg5 21. Be3
Qh4 22. Qf5 Qd8 23. Bg5 f6 24. Be3 Nc6 25. Be4 g6 26. Qe6+ Kg7 27. Rad1 Nd4 28.
Rxd4 exd4 29. Bxd4 Qe8 30. Qd5 Qf7 31. Qxb7 Qe6 32. g5 Qg4+ 33. Kh1 Rae8 34.
gxf6+ Kh6 35. Be3+ g5 36. Bf3 Qh3 37. Bg2 Qg4 38. h3 Qe6 39. Bc1 Rxf6 40. Rd1
Ref8 41. h4 Rf4 42. hxg5+ Kg6 43. Kg1 Qe2 44. Bxf4 Qxd1+ 45. Kh2 Rxf4 46. Qxd7
Rh4+ 47. Bh3 Qd2+ 48. Kh1 Qc1+ 49. Kh2 Qxb2+ 50. Kg1 Qc1+ 51. Kh2 Qf4+ 52. Kh1
Qf1+ 53. Kh2 Qf2+ 54. Kh1 Re4 55. Bg2 Re1+ 56. Kh2 Qf4+ 0-1